| 000 | 00798nam a2200241 a 4500 | ||
|---|---|---|---|
| 001 | 57082 | ||
| 005 | 20180714053137.0 | ||
| 008 | 140415s2008 xxka r 000 0 spa d | ||
| 020 | _a978-0-19-929644-6 | ||
| 041 | _aspa | ||
| 082 | 0 |
_a509.40902 _bGAU |
|
| 100 | 1 |
_aGaukroger, Stephen _eautor |
|
| 245 | 1 | 0 |
_aThe emergence of a scientific culture : _bscience and the shaping of modernity 1210-1685 / _cStephen Gaukroger. |
| 250 | _a1a ed. | ||
| 264 | 1 |
_aGreat Britain : _bOxford University press, _c2000 |
|
| 300 |
_aix, 563 páginas : _bilustraciones ; _c2008. |
||
| 336 |
_atexto _2rdacontent |
||
| 337 |
_asin mediación _2rdamedia |
||
| 338 |
_avolumen _2rdacarrier |
||
| 650 | 0 |
_aCiencia _zEuropa _xHistoria |
|
| 650 | 0 |
_aReligion _xCiencia |
|
| 650 | 0 |
_aFilosofía _xCiencia |
|
| 999 |
_c57082 _d57082 |
||